[Event "Open Semana Santa 2023"]
[Site "?"]
[Date "2023.04.07"]
[Round "4.153"]
[White "Herrera Pezo, Enoch"]
[Black "Demirkol, Kerim Calvelo"]
[Result "1/2-1/2"]
[WhiteElo "1603"]
[BlackElo "1897"]
[PlyCount "63"]

1. e4 d6 2. d4 Nf6 3. Nc3 Nbd7 4. Be3 e5 5. Nf3 c6 6. Bc4 Be7 7. a4 Qc7 8. O-O
Nxe4 9. Bxf7+ Kxf7 10. Nxe4 h6 11. dxe5 d5 12. Bf4 Qb6 13. Nd6+ Bxd6 14. exd6
Qxb2 15. Re1 Qf6 16. Re7+ Kg8 17. Bg3 Rh7 18. c4 g6 19. cxd5 Rxe7 20. dxe7 Qxe7
21. d6 Qf7 22. Qd2 Nf6 23. Qxh6 Qg7 24. Qxg7+ Kxg7 25. Be5 Be6 26. Ng5 Bd5 27.
Rb1 b6 28. Re1 Rd8 29. Bg3 Rd7 30. Ne6+ Bxe6 31. Rxe6 Nd5 32. Re8 1/2-1/2

[Event "Open Semana Santa 2023"]
[Site "?"]
[Date "2023.04.07"]
[Round "4.154"]
[White "Kratz, Jonathan"]
[Black "Camarillas Castellano, Pau"]
[Result "0-1"]
[WhiteElo "1600"]
[BlackElo "1891"]
[PlyCount "80"]

1. d4 Nf6 2. c4 g6 3. f3 d6 4. e4 Bg7 5. Nc3 O-O 6. Nge2 Nbd7 7. Be3 e5 8. Qd2
a6 9. d5 Qe7 10. g4 Rd8 11. Ng3 Nf8 12. h4 Bd7 13. h5 Rdb8 14. Bh6 b5 15. Bxg7
Kxg7 16. hxg6 fxg6 17. O-O-O bxc4 18. Bxc4 Bb5 19. Bxb5 axb5 20. g5 N6d7 21. b4
Ra6 22. f4 exf4 23. Qxf4 Ne5 24. Kb1 Nfd7 25. Rdf1 Kg8 26. Kc2 Rba8 27. Nf5
gxf5 28. exf5 Nc4 29. Re1 Qg7 30. f6 Qg6+ 31. Re4 Rxa2+ 32. Nxa2 Rxa2+ 33. Kb1
Re2 34. f7+ Kf8 35. Rh6 Qxe4+ 36. Qxe4 Rxe4 37. Rxh7 Rg4 38. Rh8+ Kxf7 39. Rh7+
Ke8 40. Rh8+ Nf8 0-1

[Event "Open Semana Santa 2023"]
[Site "?"]
[Date "2023.04.07"]
[Round "4.155"]
[White "Vicens Company, Maria Antonia"]
[Black "Torres Rebolledo, Marcos"]
[Result "1/2-1/2"]
[WhiteElo "1888"]
[BlackElo "1557"]
[PlyCount "110"]

1. e4 c5 2. Nf3 d6 3. d4 cxd4 4. Nxd4 Nf6 5. f3 g6 6. c4 Bg7 7. Nc3 O-O 8. Be3
Nc6 9. Qd2 Nd7 10. h4 h5 11. Be2 Nf6 12. Nd5 Nxd5 13. cxd5 Ne5 14. Rc1 Bd7 15.
Kf2 Rc8 16. Rxc8 Qxc8 17. Rc1 Qb8 18. Bg5 Re8 19. g3 a6 20. Kg2 Kf8 21. Bh6 Rc8
22. Bxg7+ Kxg7 23. f4 Ng4 24. Bxg4 Bxg4 25. Kf2 Rxc1 26. Qxc1 Qc8 27. Qxc8 Bxc8
28. Nb3 Kf8 29. Ke3 Ke8 30. Kd4 b6 31. Nd2 Kd7 32. Nf3 f6 33. e5 a5 34. a3 Ba6
35. e6+ Kc7 36. Ne1 Bb5 37. Nc2 Be8 38. Ne3 Kb7 39. g4 hxg4 40. Nxg4 Kc7 41.
Kc4 Kb7 42. Nh6 Kc7 43. Nf7 f5 44. Nh6 Ba4 45. b3 Be8 46. a4 Kc8 47. Nf7 Kc7
48. Ng5 b5+ 49. axb5 Kb6 50. Nf7 Bxb5+ 51. Kd4 Kc7 52. Nh8 Be8 53. Nf7 Bb5 54.
Kc3 Kb6 55. Kd4 Kc7 1/2-1/2

[Event "Open Semana Santa 2023"]
[Site "?"]
[Date "2023.04.07"]
[Round "4.156"]
[White "Silva Pena, Angel David"]
[Black "Zoukou, Ylann"]
[Result "1-0"]
[WhiteElo "1879"]
[BlackElo "1555"]
[PlyCount "133"]

1. e4 e5 2. Nf3 Nf6 3. Nxe5 d6 4. Nf3 Nxe4 5. Nc3 Nxc3 6. dxc3 Be7 7. Be3 Nd7
8. Qd2 c6 9. Bd3 Nc5 10. O-O-O Nxd3+ 11. Qxd3 O-O 12. h4 Bg4 13. Ng5 g6 14. f3
Bf5 15. Qd2 d5 16. g4 Be6 17. h5 Bxg5 18. Bxg5 f6 19. Bh6 Rf7 20. hxg6 hxg6 21.
Qd3 f5 22. Qe3 Qd7 23. Qg5 Kh7 24. Bf8+ Kg8 25. Qxg6+ Kxf8 26. Rh8+ Ke7 27.
Rxa8 fxg4 28. fxg4 Bxg4 29. Re1+ Be6 30. Rxe6+ Qxe6 31. Re8+ Kxe8 32. Qxe6+ Re7
33. Qg8+ Kd7 34. Qb8 b5 35. Qxa7+ Kd6 36. Qb8+ Kd7 37. Kd2 Re8 38. Qa7+ Kd6 39.
b3 Re7 40. Qb8+ Kd7 41. Kd3 Re8 42. Qb7+ Kd6 43. c4 dxc4+ 44. bxc4 bxc4+ 45.
Kxc4 Re7 46. Qb8+ Kd7 47. Kc5 Re3 48. Qd6+ Ke8 49. Qxc6+ Kd8 50. Kd4 Re7 51. c4
Re1 52. Qb6+ Kc8 53. c5 Rc1 54. a4 Ra1 55. a5 Rd1+ 56. Kc3 Rg1 57. a6 Rg3+ 58.
Kc4 Rg4+ 59. Kb5 Rg1 60. Qb7+ Kd8 61. Qd5+ Kc8 62. a7 Rb1+ 63. Kc4 Rc1+ 64. Kb3
Kc7 65. Qd6+ Kb7 66. Qb6+ Kc8 67. a8=Q+ 1-0

[Event "Open Semana Santa 2023"]
[Site "?"]
[Date "2023.04.07"]
[Round "4.157"]
[White "Aura, Kristian"]
[Black "Grueso Vano, Oscar"]
[Result "1-0"]
[WhiteElo "1877"]
[BlackElo "1548"]
[PlyCount "59"]

1. d4 d5 2. Nf3 e6 3. c4 c6 4. Nc3 dxc4 5. a4 Nf6 6. e3 Bb4 7. Bxc4 O-O 8. O-O
Nbd7 9. Qe2 Re8 10. Rd1 Qa5 11. Qc2 Qh5 12. Ne2 g5 13. Ng3 Qg6 14. Bd3 Qg7 15.
e4 g4 16. Nd2 c5 17. Nb3 cxd4 18. Nxd4 Ne5 19. Nb5 Bd7 20. Qb3 Ba5 21. Be3 a6
22. Nd4 Nc6 23. Rac1 Red8 24. Bb1 h5 25. Nxc6 Bxc6 26. Bd4 Rxd4 27. Rxd4 Nxe4
28. Rxe4 h4 29. Nh5 Qg5 30. Rxg4 1-0

[Event "Open Semana Santa 2023"]
[Site "?"]
[Date "2023.04.07"]
[Round "4.158"]
[White "Soliva Ruiz, Ramon"]
[Black "Deusa Ballesteros, Luis Miguel"]
[Result "1/2-1/2"]
[WhiteElo "1582"]
[BlackElo "1873"]
[Annotator "Usuario"]
[PlyCount "54"]

1. c4 c5 2. Nc3 Nc6 3. Nf3 Nf6 4. g3 g6 5. Bg2 Bg7 6. Rb1 e6 7. e4 d6 8. d4 Nd7
9. Be3 O-O 10. O-O e5 11. dxc5 dxc5 12. Nd5 Nd4 13. Qd2 Nb6 14. b3 Nxd5 15.
exd5 a5 16. Bh6 Qd6 17. Bxg7 Kxg7 18. Nxd4 exd4 19. f4 Re8 20. Rbe1 Bd7 21.
Rxe8 Rxe8 22. Re1 Rxe1+ 23. Qxe1 b6 24. Qe5+ Qf6 25. Be4 h6 26. Kf2 h5 27. Ke2
Bg4+ $11 1/2-1/2

[Event "Open Semana Santa 2023"]
[Site "?"]
[Date "2023.04.07"]
[Round "4.159"]
[White "Kondrashov, Ivan V"]
[Black "Gonzalez Lopez, Lucas I"]
[Result "1/2-1/2"]
[WhiteElo "1582"]
[BlackElo "1862"]
[Annotator "Usuario"]
[PlyCount "147"]

1. c4 Nf6 2. Nc3 g6 3. g3 Bg7 4. Bg2 d6 5. e4 O-O 6. Nge2 e5 7. O-O Nc6 8. a3
Be6 9. d3 a5 10. Rb1 Qd7 11. b4 axb4 12. axb4 Ne7 13. f4 Ne8 14. Nd5 Nc8 15. b5
c6 16. Ndc3 Ne7 17. Bb2 f6 18. Qd2 Nc7 19. bxc6 bxc6 20. Ra1 Na6 21. Na4 Rfb8
22. Rfb1 Nc5 23. Nxc5 dxc5 24. Rxa8 Rxa8 25. fxe5 fxe5 26. Qc2 Rd8 27. Rd1 Nc8
28. Bc1 Qb7 29. Be3 Bf8 30. Nc3 Nb6 31. Qb2 Qc7 32. Qc2 $11 Qd7 33. Bf1 Qf7 34.
Bg2 Bg4 35. Rd2 Qa7 36. h3 Be6 37. Rd1 Qd7 38. Kh2 Qa7 39. Kg1 Ra8 40. Kh2 Qa3
41. Rb1 Nd7 42. Rb3 Qa7 43. Rb2 Rb8 44. Rxb8 Nxb8 45. Qb2 Nd7 46. Kh1 Nb6 47.
Kh2 Qa5 48. Bd2 Qa6 49. Be3 Bd6 50. Bh6 Qa7 51. Be3 Qb8 52. Qc2 Nd7 53. Bd2 Nf8
54. Be3 Bd7 55. Ne2 Ne6 56. Bd2 Nd4 57. Nxd4 cxd4 58. Bh6 Bf8 59. Bg5 c5 60.
Bd2 Qb6 61. Qa2 Bc6 62. Kh1 Qb7 63. Kh2 Qa8 64. Qxa8 Bxa8 65. Bf3 Bc6 66. Bd1
Bd7 67. g4 h6 68. h4 Be7 69. Kg3 Kg7 70. Ba5 Bd6 71. Bd2 Bc7 72. Bc1 g5 73.
hxg5 hxg5 74. Bd2 $11 1/2-1/2

[Event "Open Semana Santa 2023"]
[Site "?"]
[Date "2023.04.07"]
[Round "4.160"]
[White "Rodriguez Garcia, Miguel"]
[Black "Ainsa Jimenez, Lucas"]
[Result "0-1"]
[WhiteElo "1857"]
[BlackElo "1533"]
[PlyCount "92"]
[EventDate "2023.??.??"]

1. d4 Nf6 2. Nf3 e6 3. Bg5 b6 4. e4 h6 5. Bxf6 Qxf6 6. Bd3 Bb7 7. O-O g5 8. c4
d6 9. e5 Qg7 10. Nc3 Nd7 11. Nb5 dxe5 12. d5 exd5 13. cxd5 Nc5 14. Nxe5 a6 15.
Nxc7+ Kd8 16. Nxa8 Qxe5 17. Nxb6 Bd6 18. g3 Kc7 19. b4 Nxd3 20. Qxd3 Kxb6 21.
a4 Bxb4 22. Rab1 a5 23. Qb5+ Ka7 24. Rfd1 Qd6 25. Rd3 Ba6 26. Rxb4 Qxb4 27.
Qd7+ Qb7 28. Qxb7+ Kxb7 29. Rf3 Rh7 30. Rf6 Bc4 31. d6 Be6 32. f4 Bd7 33. Kf2
Bxa4 34. Ke3 Bd7 35. Kd4 a4 36. Kc4 gxf4 37. Rxf4 Kc6 38. Rf6 Be6+ 39. Kb4 Bb3
40. g4 Rg7 41. h3 Rg6 42. Rf4 Kxd6 43. Rf5 Re6 44. Rf4 Ke7 45. h4 Rg6 46. Ka3
Bd1 0-1

[Event "Open Semana Santa 2023"]
[Site "?"]
[Date "2023.04.07"]
[Round "4.161"]
[White "Yurkovskaya, Yana"]
[Black "Padilla Lozano, Francisco Manuel"]
[Result "0-1"]
[WhiteElo "1578"]
[BlackElo "1855"]
[PlyCount "60"]

1. c4 e6 2. Nc3 d5 3. cxd5 exd5 4. d4 Nf6 5. Bf4 Bd6 6. Bg3 c6 7. e3 Bxg3 8.
hxg3 Bf5 9. Bd3 Bxd3 10. Qxd3 Qe7 11. f3 Nbd7 12. Kd2 Nb6 13. b3 a5 14. Nge2 a4
15. e4 dxe4 16. fxe4 h6 17. Kc2 O-O 18. Nf4 Rfe8 19. e5 Nfd5 20. Ncxd5 Nxd5 21.
Qf3 Qb4 22. Nxd5 cxd5 23. Qxd5 Rec8+ 24. Kd3 Qc3+ 25. Ke4 Qc2+ 26. Kf3 Rc3+ 27.
Kf4 Qf2+ 28. Kg4 Rxg3+ 29. Kh5 Qf5+ 30. Kh4 Qg4# 0-1

[Event "Open Semana Santa 2023"]
[Site "?"]
[Date "2023.04.07"]
[Round "4.162"]
[White "Mansor Habash, Zouheir"]
[Black "Perez Garcia, Jimena"]
[Result "1-0"]
[WhiteElo "1570"]
[BlackElo "1852"]
[PlyCount "59"]

1. e4 c5 2. Ne2 a6 3. g3 d5 4. Bg2 dxe4 5. Nbc3 Nf6 6. Nxe4 Nxe4 7. Bxe4 h5 8.
O-O Bg4 9. f3 Bh3 10. Re1 Nc6 11. Nf4 Qd4+ 12. Re3 Bd7 13. Nd5 O-O-O 14. c3 Qe5
15. Nb6+ Kc7 16. Bxc6 Qxe3+ 17. dxe3 Bxc6 18. Qb3 Bxf3 19. e4 Bxe4 20. Bf4+ Kc6
21. a4 e5 22. Bxe5 Bd6 23. Re1 f5 24. Bxd6 Kxd6 25. Rd1+ Kc7 26. Rxd8 Rxd8 27.
a5 Rd2 28. Qf7+ Kc6 29. Qe8+ Kc7 30. Qc8+ 1-0

[Event "Open Semana Santa 2023"]
[Site "?"]
[Date "2023.04.07"]
[Round "4.163"]
[White "Manzanares Lopez, Alejandro"]
[Black "Ilinca Ilinca, Filip Antonio"]
[Result "1-0"]
[WhiteElo "1845"]
[BlackElo "1515"]
[PlyCount "89"]
[EventDate "2023.??.??"]

1. e4 c5 2. Nf3 Nc6 3. d4 cxd4 4. Nxd4 g6 5. c4 Bg7 6. Be3 Nf6 7. Nc3 d6 8. Be2
Bd7 9. O-O O-O 10. f3 Rc8 11. Qd2 h5 12. Rac1 h4 13. Rfd1 h3 14. Nxc6 Rxc6 15.
g3 a6 16. b4 b6 17. b5 axb5 18. cxb5 Rc8 19. Na4 Rb8 20. Rc2 Ne8 21. Rdc1 Rb7
22. Bf2 Be5 23. Qe3 Nc7 24. Nxb6 Ne6 25. Nxd7 Qxd7 26. Qd2 d5 27. f4 Bg7 28.
Qxd5 Qxd5 29. exd5 Nd4 30. Bxd4 Bxd4+ 31. Kf1 Be3 32. Rb1 Rd8 33. Bf3 Rd6 34.
Rc6 Kg7 35. Ke2 Ba7 36. a4 Bb6 37. Kd3 f6 38. Kc4 Ra7 39. Ra1 Ra5 40. Kb4 Ra7
41. a5 Bc7 42. Ra4 Rb7 43. b6 Bxb6 44. axb6 Rxb6+ 45. Kc5 1-0

[Event "Open Semana Santa 2023"]
[Site "?"]
[Date "2023.04.07"]
[Round "4.164"]
[White "Hladiy, Mark"]
[Black "Urios Hernandez, Ramon"]
[Result "0-1"]
[WhiteElo "1559"]
[BlackElo "1844"]
[PlyCount "76"]

1. e4 e5 2. Nf3 Nc6 3. d4 exd4 4. Nxd4 Bc5 5. Be3 Qf6 6. c3 Nge7 7. Be2 d6 8.
f4 Qh4+ 9. g3 Qh3 10. f5 Qg2 11. Bf3 Qxb2 12. Qb3 Qxb3 13. axb3 Nxd4 14. cxd4
Bb4+ 15. Kf2 O-O 16. Rc1 c6 17. Rc4 b5 18. Rxb4 a5 19. d5 axb4 20. Rxa8 cxd5
21. Bd2 dxe4 22. Bxe4 Bxf5 23. Bxf5 Rxa8 24. Be4 Ra2 25. Kg1 d5 26. Bd3 Rb2 27.
Bxb4 Rxb3 28. Bc3 b4 29. Bc2 Rxc3 30. Nxc3 bxc3 31. Kf2 d4 32. Be4 f5 33. Bc2
Kf7 34. Kf3 Kf6 35. g4 Ke5 36. h3 g6 37. h4 Nd5 38. h5 fxg4+ 0-1

[Event "Open Semana Santa 2023"]
[Site "?"]
[Date "2023.04.07"]
[Round "4.165"]
[White "Ibanez Valentin, Gabriel"]
[Black "Roig Roig, Marc"]
[Result "0-1"]
[WhiteElo "1537"]
[BlackElo "1840"]
[PlyCount "86"]
[EventDate "2023.??.??"]

1. e4 e6 2. d4 d5 3. e5 c5 4. c3 Qb6 5. Nf3 Nc6 6. a3 c4 7. Be2 Na5 8. Nbd2 Bd7
9. O-O O-O-O 10. Ne1 Nh6 11. b4 cxb3 12. Bb2 Kb8 13. c4 dxc4 14. Nxc4 Nxc4 15.
Bxc4 Bb5 16. Qd3 Bxc4 17. Qxc4 Rc8 18. Qa4 Be7 19. Nd3 Rc2 20. Rac1 Rhc8 21.
Rxc2 bxc2 22. Rc1 Nf5 23. g4 Nh4 24. f4 Rc6 25. Kf2 Qc7 26. Ne1 Ng6 27. Kf3 f5
28. g5 Rc3+ 29. Kf2 Rc6 30. Kf3 Qd7 31. Qb3 Rb6 32. Qxc2 Qd5+ 33. Kg3 Qb3+ 34.
Nd3 Qxc2 35. Rxc2 Rb3 36. Rc3 Rxc3 37. Bxc3 Bxa3 38. h4 Ne7 39. Bb4 Bxb4 40.
Nxb4 Kc7 41. Nd3 Nc6 42. Nc5 Nxd4 43. Kf2 b6 0-1

[Event "Open Semana Santa 2023"]
[Site "?"]
[Date "2023.04.07"]
[Round "4.166"]
[White "Martinez Manzanares, Alejandro"]
[Black "Jimenez Pena, Sergio"]
[Result "1-0"]
[WhiteElo "1839"]
[BlackElo "1511"]
[PlyCount "91"]

1. d4 d5 2. c4 e6 3. Nc3 Nf6 4. Bf4 a6 5. e3 Bb4 6. a3 Bxc3+ 7. bxc3 dxc4 8.
Bxc4 O-O 9. Nf3 Nd5 10. Qd3 Nxf4 11. exf4 Nd7 12. O-O b5 13. Bb3 Bb7 14. Bc2
Nf6 15. Ne5 Be4 16. Qd2 Qd5 17. f3 Bxc2 18. Qxc2 c5 19. Rad1 c4 20. g4 Qd6 21.
Qc1 Nd5 22. g5 f6 23. gxf6 Rxf6 24. Rd2 Nxf4 25. a4 Raf8 26. Qe1 Rf5 27. Kh1
Qd8 28. Rg1 Rg5 29. Rg3 Rff5 30. axb5 axb5 31. Qe4 Rxg3 32. hxg3 Rh5+ 33. Kg1
Nd5 34. Ra2 Rf5 35. Ra7 Rf8 36. Qg4 Nc7 37. Qe4 Qd6 38. Qb7 Ne8 39. Qxb5 Qd5
40. Qb4 Nf6 41. Qe7 Ne8 42. Rd7 Qa5 43. Qxe6+ Kh8 44. Nf7+ Kg8 45. Nh6+ Kh8 46.
Qg8+ 1-0

[Event "Open Semana Santa 2023"]
[Site "?"]
[Date "2023.04.07"]
[Round "4.167"]
[White "Prochaieva, Alina"]
[Black "Blanco Ros, Adrian"]
[Result "1-0"]
[WhiteElo "1820"]
[BlackElo "1495"]
[PlyCount "141"]

1. d4 Nf6 2. Nf3 g6 3. g3 Bg7 4. Bg2 d6 5. O-O O-O 6. c4 c5 7. Qb3 Nc6 8. Rd1
cxd4 9. Nxd4 Nxd4 10. Rxd4 Nd7 11. Rd1 Nc5 12. Qa3 Qb6 13. Nc3 Be6 14. Nd5 Bxd5
15. Bxd5 a5 16. Rb1 a4 17. Qe3 Qc7 18. Bd2 Rab8 19. Bc3 Bxc3 20. Qxc3 Nd7 21.
Qb4 Nb6 22. Bg2 Rfc8 23. Rbc1 Qc5 24. Qxc5 Rxc5 25. b3 a3 26. Rc3 Rc7 27. Rdc1
Ra8 28. e3 Nd7 29. Bf3 Ne5 30. Be2 b6 31. f4 Nc6 32. Bf3 Raa7 33. Bxc6 Rxc6 34.
Kf2 Kg7 35. Ke2 Kf6 36. e4 h5 37. b4 Ra4 38. Rb1 b5 39. Kd3 bxc4+ 40. Rxc4 Rb6
41. Kc3 Rb5 42. Kb3 Ra7 43. Rbc1 Rbb7 44. Rc6 Ke6 45. R1c3 Kd7 46. R6c4 Rb6 47.
Rd4 Rc6 48. b5 Rb6 49. Rb4 Ra5 50. Kc4 e6 51. Rd3 Kc7 52. Rc3 Kd7 53. Rcb3 Ra7
54. Kd4 Ra5 55. h3 f6 56. Kc4 Ra7 57. Rc3 Ra5 58. Rd3 Kc7 59. g4 h4 60. f5 g5
61. fxe6 Kd8 62. Rdb3 Ke7 63. Kd5 Rb7 64. Kc6 Rb8 65. Kd5 Rc8 66. Rc4 Rxc4 67.
Kxc4 Kxe6 68. b6 Ra8 69. Kb5 Kd7 70. b7 Rb8 71. Ka6 1-0

[Event "Open Semana Santa 2023"]
[Site "?"]
[Date "2023.04.07"]
[Round "4.168"]
[White "Asensio Ramon, Ismael"]
[Black "Santamaria Baeza, Adolfo"]
[Result "0-1"]
[WhiteElo "1511"]
[BlackElo "1815"]
[PlyCount "86"]

1. d4 Nf6 2. c4 e6 3. Nc3 Bb4 4. Qc2 O-O 5. e4 Bxc3+ 6. bxc3 d6 7. Nf3 e5 8.
dxe5 dxe5 9. Nxe5 Re8 10. f4 Nbd7 11. Bd3 Nxe5 12. fxe5 Ng4 13. O-O Nxe5 14.
Be2 Be6 15. Qb3 b6 16. Bf4 Qd6 17. Qb5 c5 18. Rad1 Qc7 19. Rd2 f6 20. Rfd1 Qf7
21. Bxe5 fxe5 22. Qc6 Qf4 23. Rd3 Rac8 24. Qb7 Qf7 25. Rd7 Bxd7 26. Rxd7 Qf6
27. Bg4 Rb8 28. Qxa7 Ra8 29. Qb7 Rxa2 30. Bf3 Ra1+ 31. Bd1 Rf8 32. h3 Kh8 33.
Qd5 h6 34. Kh2 Qf4+ 35. Kh1 Qg3 36. Kg1 Ra2 37. Bf3 Qf2+ 38. Kh1 Rxf3 39. Rd8+
Rf8 40. Rxf8+ Qxf8 41. Qd1 Qf2 42. Qg4 Qf1+ 43. Kh2 Qf4+ 0-1

[Event "Open Semana Santa 2023"]
[Site "?"]
[Date "2023.04.07"]
[Round "4.169"]
[White "Lopez Herrero, Israel"]
[Black "Bell, Luke"]
[Result "1-0"]
[WhiteElo "1814"]
[BlackElo "1490"]
[PlyCount "97"]

1. e4 c5 2. Nf3 d6 3. d4 cxd4 4. Nxd4 Nf6 5. Nc3 Nc6 6. f3 e6 7. Be3 a6 8. Qd2
Bd7 9. g4 Qc7 10. h4 O-O-O 11. O-O-O h6 12. Be2 g6 13. g5 hxg5 14. hxg5 Nh5 15.
f4 Bg7 16. Nb3 Bxc3 17. bxc3 Ng3 18. Rxh8 Rxh8 19. Bf3 Na5 20. Nxa5 Qxa5 21.
Qxd6 Bc6 22. Bf2 Nh5 23. Bxh5 gxh5 24. g6 fxg6 25. Qxe6+ Kb8 26. Qd6+ Qc7 27.
Ba7+ Kc8 28. Qe6+ Bd7 29. Qf6 Re8 30. Rd4 Qc6 31. Rd6 Qxe4 32. Qf7 Qe7 33. Qc4+
Bc6 34. Rxc6+ bxc6 35. Qxc6+ Qc7 36. Qxe8+ Kb7 37. Be3 Qxc3 38. Qd7+ Qc7 39.
Qxc7+ Kxc7 40. Bf2 Kd6 41. c4 Ke6 42. c5 Kd5 43. Kd2 h4 44. Ke2 Ke4 45. c6 Kxf4
46. c7 h3 47. c8=Q h2 48. Qc7+ Kf5 49. Qxh2 1-0

[Event "Open Semana Santa 2023"]
[Site "?"]
[Date "2023.04.07"]
[Round "4.170"]
[White "Lacamara Pasamar, Miguel"]
[Black "Arutyunov, Mikael"]
[Result "1-0"]
[WhiteElo "1807"]
[BlackElo "1481"]
[PlyCount "171"]

1. e4 e5 2. Nf3 Nf6 3. Nxe5 d6 4. Nf3 Nxe4 5. Nc3 Nxc3 6. dxc3 Be7 7. Be3 Be6
8. Qd2 c5 9. Ng5 O-O 10. Bd3 Bxg5 11. Bxg5 Qb6 12. O-O Nd7 13. Be4 Rfe8 14. b3
Ne5 15. Rad1 f6 16. Bh4 Rad8 17. c4 a5 18. f4 Nc6 19. Qd3 h6 20. Qg3 Nd4 21.
Bd3 Nf5 22. Bxf5 Bxf5 23. Bxf6 Rd7 24. Rd2 d5 25. Be5 d4 26. Rf3 Qb4 27. Qf2
Qa3 28. h3 Qxa2 29. Kh2 a4 30. bxa4 Qxa4 31. c3 Qxc4 32. cxd4 cxd4 33. Rxd4
Rxd4 34. Qxd4 Qxd4 35. Bxd4 Re2 36. Re3 Rd2 37. Bc3 Rd7 38. g4 Bd3 39. f5 b5
40. Kg3 Bc4 41. Kf4 Rb7 42. Bb4 Kf7 43. h4 Rd7 44. g5 Rd4+ 45. Kg3 hxg5 46.
hxg5 Bd3 47. g6+ Kf6 48. Bc3 Bxf5 49. Bxd4+ Kxg6 50. Re7 Bd3 51. Rxg7+ Kf5 52.
Re7 Bc4 53. Re5+ Kg6 54. Bc3 Bd3 55. Kf4 Bc4 56. Rc5 Kf7 57. Rc6 Ke7 58. Ke5
Kd7 59. Rh6 Ke7 60. Kd4 Kd7 61. Bb4 Be6 62. Rh7+ Kc6 63. Re7 Bc4 64. Ke5 Bd5
65. Kd4 Bc4 66. Rg7 Kb6 67. Rg6+ Kc7 68. Kc5 Kd7 69. Bc3 Ke7 70. Rd6 Be6 71.
Bb4 Bc4 72. Kd4 Kf7 73. Ke5 Ke7 74. Rd2+ Kf7 75. Rd7+ Kg6 76. Bf8 Bf7 77. Rb7
Bc4 78. Rg7+ Kh5 79. Kf5 Bd3+ 80. Kf4 Bg6 81. Ke5 Bd3 82. Be7 Bg6 83. Kf4 Kh6
84. Bf6 Kh5 85. Bg5 Bf5 86. Kxf5 1-0

[Event "Open Semana Santa 2023"]
[Site "?"]
[Date "2023.04.07"]
[Round "4.171"]
[White "Gomez Pastrana, Alba"]
[Black "Gomar Juan, Miguel"]
[Result "1-0"]
[WhiteElo "1504"]
[BlackElo "1807"]
[PlyCount "47"]
[EventDate "2023.??.??"]

1. e4 e5 2. Nf3 Nc6 3. d4 exd4 4. Nxd4 Bc5 5. Nf5 Qf6 6. Nc3 Nge7 7. Ne3 O-O 8.
Bd3 Bb4 9. Bd2 Ne5 10. Be2 d6 11. O-O Bxc3 12. Bxc3 Qg6 13. f3 Be6 14. Qd2 f5
15. f4 N5c6 16. Rf3 Qe8 17. Rg3 Rf7 18. exf5 Nxf5 19. Nxf5 Bxf5 20. Bc4 Be6 21.
Re1 Re7 22. Bxe6+ Rxe6 23. Qd5 Nd8 24. Rxg7+ 1-0

[Event "Open Semana Santa 2023"]
[Site "?"]
[Date "2023.04.07"]
[Round "4.172"]
[White "Voronaya, Eva"]
[Black "Schafer, Guillermo"]
[Result "0-1"]
[WhiteElo "1480"]
[BlackElo "1802"]
[PlyCount "90"]

1. d4 Nf6 2. Nf3 g6 3. Nc3 d5 4. Bf4 Bg7 5. e3 O-O 6. Nb5 Na6 7. Nc3 b6 8. Be5
Bb7 9. h4 Nb4 10. h5 Nc6 11. hxg6 hxg6 12. Bxf6 Bxf6 13. Nh4 e5 14. Qg4 Bc8 15.
Qg3 Kg7 16. Bd3 e4 17. Bb5 Ne7 18. Ne2 Rh8 19. Kd2 c6 20. Ba4 b5 21. Bb3 Rxh4
22. Rxh4 Nf5 23. Rh7+ Kxh7 24. Qh2+ Kg8 25. Rh1 Kf8 26. Nf4 a5 27. a4 Ne7 28.
axb5 a4 29. Ba2 cxb5 30. f3 Qa5+ 31. c3 b4 32. fxe4 b3 33. Bb1 a3 34. e5 Bg7
35. Rf1 Bf5 36. Nxg6+ Bxg6 37. Bxg6 Nxg6 38. e6 f6 39. Qh5 Re8 40. Qxg6 Rxe6
41. g4 Qb5 42. Ra1 a2 43. g5 Qb8 44. Rf1 Qh2+ 45. Kd3 Qc2# 0-1

[Event "Open Semana Santa 2023"]
[Site "?"]
[Date "2023.04.07"]
[Round "4.173"]
[White "Hernandez Gonzalez, Manuel"]
[Black "Prieto Martin, Manuel"]
[Result "0-1"]
[WhiteElo "1800"]
[BlackElo "1478"]
[PlyCount "126"]

1. e4 c5 2. Nf3 d6 3. d4 cxd4 4. Nxd4 Nf6 5. Nc3 g6 6. Be3 Bg7 7. f3 O-O 8. Qd2
Nc6 9. Bc4 Ne5 10. Bb3 Bd7 11. O-O-O a6 12. Bh6 Rc8 13. h4 b5 14. h5 Nc4 15.
Bxc4 Rxc4 16. Bxg7 Kxg7 17. Nd5 Rh8 18. h6+ Kf8 19. Nxf6 exf6 20. Nb3 Rc6 21.
Rhe1 Be6 22. Nd4 Rb6 23. Nxe6+ fxe6 24. e5 d5 25. exf6 Qxf6 26. Qb4+ Kf7 27.
Qc5 Rb7 28. Qc6 Ra7 29. Kb1 Rd8 30. Rd3 Rdd7 31. Rc3 Rdb7 32. Qc8 Re7 33. Rc6
a5 34. Rb6 Rac7 35. Qa6 Qf5 36. Rc1 Qg5 37. Qxa5 Qxg2 38. Qxb5 Qh3 39. a4 Qxh6
40. a5 Qf8 41. Rb8 Rc8 42. Rxc8 Qxc8 43. Qa4 Rb7 44. Ka2 Qc5 45. Qa3 Qc4+ 46.
b3 Qc3 47. Rb1 Qxc2+ 48. Rb2 Qc3 49. b4 Qc4+ 50. Qb3 Rxb4 51. Qxc4 Rxc4 52. Ka3
h5 53. a6 Rc8 54. a7 Ra8 55. Rb7+ Kf6 56. Kb4 h4 57. Kc5 g5 58. Kb6 Ke5 59. Rf7
d4 60. Kb7 Rxa7+ 61. Kxa7 d3 62. Kb6 h3 63. Rh7 d2 0-1

[Event "Open Semana Santa 2023"]
[Site "?"]
[Date "2023.04.07"]
[Round "4.174"]
[White "Vecillas Rey, Daniel"]
[Black "Cerdo Fernandez, Miguel"]
[Result "1/2-1/2"]
[WhiteElo "1465"]
[BlackElo "1783"]
[PlyCount "122"]

1. e4 c5 2. Nf3 Nc6 3. d4 cxd4 4. Nxd4 Nf6 5. Nc3 e6 6. Nxc6 bxc6 7. e5 Nd5 8.
Ne4 Qc7 9. f4 Qb6 10. c4 Bb4+ 11. Ke2 f5 12. exf6 Nxf6 13. Nxf6+ gxf6 14. a3
Bc5 15. b4 Be7 16. c5 Ba6+ 17. Kf2 Qb7 18. Qh5+ Kd8 19. Bd2 Kc7 20. Bc3 Raf8
21. Bxa6 Qxa6 22. Qe2 Qxe2+ 23. Kxe2 Rhg8 24. g3 a5 25. Kd3 axb4 26. axb4 Ra8
27. Kc4 Kb7 28. Rhb1 Rxa1 29. Rxa1 Ra8 30. Rxa8 Kxa8 31. g4 Kb7 32. h4 Kc7 33.
g5 fxg5 34. fxg5 Kd8 35. Kd4 Ke8 36. Ke5 Kf7 37. Bd2 Kg6 38. Be1 h6 39. Bd2
hxg5 40. hxg5 Bxg5 41. Be1 Be7 42. Bd2 Kh5 43. Be1 Kg4 44. Bc3 Kf3 45. Bd2 Ke2
46. Bc3 Kd3 47. Be1 Kc4 48. Bd2 Bf8 49. Kf6 Bxc5 50. bxc5 Kxc5 51. Ke5 Kc4 52.
Kd6 Kd4 53. Bf4 c5 54. Be5+ Ke4 55. Ba1 c4 56. Kxd7 Kd5 57. Ke7 e5 58. Kf6 e4
59. Kf5 e3 60. Bc3 e2 61. Kf4 Kc5 1/2-1/2

[Event "Open Semana Santa 2023"]
[Site "?"]
[Date "2023.04.07"]
[Round "4.175"]
[White "Otazu Casanes, Abel"]
[Black "Garcia Almeida, Aitana Maria"]
[Result "0-1"]
[WhiteElo "1460"]
[BlackElo "1783"]
[PlyCount "108"]

1. e4 g6 2. Nf3 Bg7 3. d3 d6 4. g3 e5 5. Bg2 Ne7 6. Nbd2 O-O 7. h4 h5 8. O-O
Nbc6 9. Re1 Bg4 10. Nf1 Nd4 11. N1h2 Nxf3+ 12. Nxf3 Nc6 13. Be3 f5 14. Bg5 Qd7
15. Qd2 fxe4 16. Nh2 Bf3 17. dxe4 Bxg2 18. Kxg2 Kh7 19. c3 Rf7 20. Rf1 Raf8 21.
f3 Nd8 22. Rf2 Ne6 23. Be3 Qe7 24. Bg5 Bf6 25. Bxf6 Qxf6 26. Raf1 Rg7 27. Qd5
g5 28. hxg5 Rxg5 29. Qxb7 Nf4+ 30. Kh1 Rxg3 31. Qxc7+ Rf7 32. Qc8 Rfg7 33. Ng4
hxg4 34. fxg4 Rh3+ 35. Kg1 Qg6 36. Rh2 Qxg4+ 37. Qxg4 Rxg4+ 38. Kh1 Rxh2+ 39.
Kxh2 Rg2+ 40. Kh1 Rxb2 41. Ra1 Ne2 42. c4 Nc3 43. a4 Rb1+ 44. Rxb1 Nxb1 45. Kg2
Nd2 46. Kf2 Nxe4+ 47. Ke3 Nc5 48. a5 a6 49. Kd2 Kg6 50. Kc3 Kf5 51. Kd2 Nb3+
52. Kd3 Nxa5 53. Ke3 Nxc4+ 54. Ke2 a5 0-1

[Event "Open Semana Santa 2023"]
[Site "?"]
[Date "2023.04.07"]
[Round "4.176"]
[White "Najarro Garcia, Jose Maria"]
[Black "Prochaieva, Yelyzaveta"]
[Result "1-0"]
[WhiteElo "1778"]
[BlackElo "1468"]
[PlyCount "141"]

1. c4 Nf6 2. Nc3 d5 3. cxd5 Nxd5 4. e4 Nxc3 5. bxc3 e6 6. d4 b6 7. Bd3 Bb7 8.
Nf3 Nd7 9. O-O c5 10. Bf4 cxd4 11. cxd4 Rc8 12. Qe2 Rc3 13. Rac1 Bb4 14. Rxc3
Bxc3 15. Rc1 Bb4 16. Rc7 Qa8 17. Bb5 Bc8 18. Qc4 O-O 19. Bxd7 Bxd7 20. Qxb4
Qxe4 21. Bd6 Rd8 22. Be7 Rc8 23. Rxc8+ Bxc8 24. h3 h6 25. Qc3 Bb7 26. Qc7 Bd5
27. Qxa7 Qf4 28. Ne1 Qxd4 29. Qb8+ Kh7 30. Qg3 Bxa2 31. Qd3+ Qxd3 32. Nxd3 b5
33. Nb4 Kg6 34. Kf1 Bc4+ 35. Ke1 f6 36. g3 e5 37. Kd2 Kg5 38. h4+ Kf5 39. Bf8
Kg6 40. Ke3 Kf7 41. Bc5 g6 42. Na6 f5 43. Nc7 h5 44. Bd6 Kf6 45. Kd2 e4 46. Ke3
Kf7 47. Kf4 Kf6 48. Be5+ Kf7 49. Kg5 b4 50. Na8 b3 51. Nb6 Be6 52. Na4 Bc4 53.
Nb2 Be2 54. Na4 Bc4 55. Nc5 Bd5 56. Bb2 Bc6 57. Nxb3 Be8 58. Nd4 Kf8 59. Kf6
Kg8 60. Ne6 Kh7 61. Nf8+ Kg8 62. Nxg6 Bxg6 63. Kxg6 f4 64. gxf4 e3 65. fxe3 Kf8
66. Kxh5 Kg8 67. Kg6 Kf8 68. h5 Kg8 69. h6 Kf8 70. h7 Ke7 71. h8=Q 1-0